[Event "ICS rated blitz match"]
[Site "204.178.125.65"]
[Date "1999.09.02"]
[Round "?"]
[White "cstaly"]
[Black "Hossa"]
[Result "1-0"]
[WhiteElo "2359"]
[BlackElo "2504"]
[PlyCount "135"]
[EventDate "1999.??.??"]

1. d4 d5 2. c4 e6 3. Nc3 Nf6 4. Nf3 c6 5. e3 Bb4 6. Bd3 O-O 7. O-O c5 8. cxd5
exd5 9. dxc5 Bg4 10. Bd2 Bxc5 11. h3 Bh5 12. Rc1 Nc6 13. Nb5 Ne5 14. Rxc5 Nxd3
15. Rc2 Ne4 16. Bc3 Bxf3 17. Qxf3 Qd7 18. Nd4 Nxc3 19. Rxc3 Nxb2 20. Nf5 Kh8
21. Qg4 f6 22. Rfc1 Nc4 23. Rd1 Nb6 24. Rc5 g6 25. Nd4 Qxg4 26. hxg4 Rfc8 27.
Rdc1 Rxc5 28. Rxc5 Rc8 29. Rxc8+ Nxc8 30. Kf1 h6 31. Ne6 Ne7 32. Ke2 Kh7 33.
Nc7 Kg8 34. a3 Kf7 35. Kd3 Nc6 36. f4 Ne7 37. Kd4 b6 38. Nxd5 Nc6+ 39. Kd3 b5
40. Nc7 b4 41. axb4 Nxb4+ 42. Kc3 Nc6 43. Kc4 Nb8 44. e4 g5 45. g3 Ke7 46. Nd5+
Ke6 47. Ne3 Kf7 48. Kd5 Na6 49. Nf5 Kg6 50. Kd6 Nb4 51. Ke6 Nc6 52. Ne7+ Nxe7
53. Kxe7 gxf4 54. gxf4 h5 55. gxh5+ Kh7 56. Kf8 Kh6 57. e5 f5 58. e6 Kxh5 59.
e7 Kg4 60. e8=Q Kf3 61. Ke7 Kf2 62. Ke6 a6 63. Kxf5 a5 64. Ke4 Kg2 65. Ke3 Kf1
66. Kf3 Kg1 67. Qe2 a4 68. Qg2# {Hossa checkmated} 1-0

[Event "ICS rated blitz match"]
[Site "204.178.125.65"]
[Date "1999.09.03"]
[Round "?"]
[White "cstaly"]
[Black "Hossa"]
[Result "1-0"]
[WhiteElo "2370"]
[BlackElo "2525"]
[PlyCount "129"]
[EventDate "1999.??.??"]

1. e4 e5 2. Nf3 Nc6 3. Bb5 a6 4. Ba4 Nf6 5. O-O Be7 6. Re1 b5 7. Bb3 d6 8. c3
O-O 9. h3 Nd7 10. d4 Na5 11. Bc2 c5 12. dxc5 dxc5 13. Nbd2 Nc6 14. Nf1 Rb8 15.
Be3 Qc7 16. Qe2 b4 17. Bb3 bxc3 18. bxc3 Qa5 19. Rab1 Rb5 20. Bd5 Rxb1 21. Rxb1
Nd8 22. Qb2 Ne6 23. Qb3 Nc7 24. Ng3 Nb5 25. Nf5 Bf6 26. a4 Nxc3 27. Bd2 Ne2+
28. Kf1 Qc7 29. Kxe2 a5 30. Qb5 Qa7 31. Bc4 Qa8 32. Kf1 Qxe4 33. Nd6 Qa8 34.
Bxa5 Kh8 35. Re1 Kg8 36. Bc7 Qa7 37. Qa5 Qxa5 38. Bxa5 g6 39. Bc7 Kg7 40. a5 g5
41. Bb5 h5 42. Rd1 g4 43. Ng1 gxh3 44. gxh3 Nb8 45. Bxb8 Bxh3+ 46. Nxh3 Rxb8
47. Bc4 Bd8 48. a6 f6 49. Ne4 Kg6 50. Rd6 Be7 51. Rd7 Bf8 52. a7 Rb1+ 53. Ke2
Ra1 54. Rf7 Bg7 55. Rc7 Bf8 56. Bd5 f5 57. Ng3 c4 58. Rc6+ Kg7 59. Nxh5+ Kh7
60. Ng5+ Kh8 61. Rc8 Ra2+ 62. Kf1 Ra1+ 63. Kg2 Rg1+ 64. Kxg1 c3 65. Rxf8# {
Hossa checkmated} 1-0

[Event "ICS rated blitz match"]
[Site "204.178.125.65"]
[Date "1999.08.30"]
[Round "?"]
[White "cxc38"]
[Black "Hossa"]
[Result "1/2-1/2"]
[WhiteElo "2317"]
[BlackElo "2482"]
[PlyCount "138"]
[EventDate "1999.??.??"]

1. e4 e6 2. d4 d5 3. exd5 exd5 4. Bd3 c5 5. c3 Nc6 6. Qe2+ Be7 7. dxc5 Nf6 8.
Nf3 O-O 9. O-O Bxc5 10. Bg5 Be7 11. Nd4 Re8 12. Qc2 h6 13. Bh4 Bg4 14. Nd2 Nxd4
15. cxd4 Qb6 16. Nb3 Rac8 17. Qb1 Bb4 18. Bf5 Bxf5 19. Qxf5 Qe6 20. Qxe6 Rxe6
21. Bxf6 Rxf6 22. Rac1 Rxc1 23. Rxc1 Re6 24. Kf1 g5 25. a3 Bd6 26. Re1 Rxe1+
27. Kxe1 h5 28. h3 f5 29. f3 Kf7 30. g4 Kg6 31. Ke2 b6 32. Kd3 Bf4 33. a4 a6
34. Na1 Bc1 35. b3 Bf4 36. Nc2 a5 37. b4 Bc1 38. bxa5 bxa5 39. Na1 Bf4 40. Nb3
Bc7 41. Nc5 f4 42. Ne6 Bd6 43. Nd8 hxg4 44. hxg4 Kf6 45. Nc6 Bc7 46. Na7 Ke6
47. Nb5 Bd6 48. Nc3 Ba3 49. Nb5 Bb4 50. Nc3 Bxc3 51. Kxc3 Kd7 52. Kd3 Kd6 53.
Kc3 Kc6 54. Kd3 Kd6 55. Kc3 Kc6 56. Kd3 Kd6 57. Kc3 Ke6 58. Kd3 Kf7 59. Kc3 Kg7
60. Kd3 Kf6 61. Kc3 Ke6 62. Kd3 Kd7 63. Kc3 Kd6 64. Kd3 Ke6 65. Kc3 Kf6 66. Kd3
Kg7 67. Kc3 Kf6 68. Kd3 Ke7 69. Kc3 69... Kf6 {Game drawn by repetition}
1/2-1/2

[Event "ICS rated blitz match"]
[Site "204.178.125.65"]
[Date "1999.08.30"]
[Round "?"]
[White "cxc38"]
[Black "Hossa"]
[Result "0-1"]
[WhiteElo "2338"]
[BlackElo "2461"]
[PlyCount "154"]
[EventDate "1999.??.??"]

1. e4 e6 2. d4 d5 3. exd5 exd5 4. Bd3 c5 5. c3 Nc6 6. Nf3 Bg4 7. Qe2+ Be7 8.
dxc5 Nf6 9. h3 Bxf3 10. Qxf3 O-O 11. O-O Ne5 12. Qe2 Nxd3 13. Qxd3 Bxc5 14. Bg5
Re8 15. Nd2 Re6 16. Nb3 Be7 17. Rfe1 Ne4 18. Bxe7 Rxe7 19. Rad1 Qb6 20. Qd4
Qxd4 21. Rxd4 Re6 22. Rxd5 Nxc3 23. Rxe6 Nxd5 24. Rd6 Nf6 25. Nc5 b6 26. Nd7
Ne8 27. Rc6 Rd8 28. Ne5 Rd1+ 29. Kh2 Rd2 30. Rc8 Kf8 31. Nc4 Rxf2 32. Nd6 Re2
33. a4 Re6 34. Nxe8 Rxe8 35. Rc7 a5 36. Rb7 Re6 37. Kg3 Re3+ 38. Kh2 Rb3 39.
Kg1 Rxb2 40. Kh2 Rb4 41. Kg1 Rxa4 42. Rxb6 Ke7 43. Rb7+ Ke6 44. Ra7 Ra2 45. Kh2
a4 46. Ra6+ Ke5 47. Ra7 Kf6 48. Ra6+ Kg5 49. Ra7 Kg6 50. Ra5 a3 51. Ra4 Ra1 52.
Ra5 a2 53. Ra7 Kf6 54. Ra6+ Ke5 55. Ra7 h6 56. Kg3 f6 57. Kh2 Kd4 58. h4 h5 59.
Kg3 Kc5 60. Kh2 Kb5 61. Ra8 g6 62. Rb8+ Ka4 63. Ra8+ Kb3 64. Rb8+ Kc2 65. Rc8+
Kb2 66. Rb8+ Kc3 67. Rc8+ Kd3 68. Rd8+ Kc4 69. Ra8 f5 70. Rc8+ Kb3 71. Rb8+ Ka3
72. Ra8+ Kb4 73. Rb8+ Kc5 74. Rc8+ Kb6 75. Rb8+ Ka7 76. Rb2 Rh1+ 77. Kxh1 77...
a1=Q+ {cxc38 resigns} 0-1

[Event "ICS rated blitz match"]
[Site "204.178.125.65"]
[Date "1999.09.26"]
[Round "?"]
[White "damo"]
[Black "Hossa"]
[Result "0-1"]
[WhiteElo "2128"]
[BlackElo "2463"]
[PlyCount "122"]
[EventDate "1999.??.??"]

1. d4 Nf6 2. Nc3 d6 3. g3 d5 4. Bg2 e6 5. Nf3 Be7 6. O-O O-O 7. Ne5 c5 8. Be3
Nfd7 9. Nxd7 Nxd7 10. dxc5 Nxc5 11. Nb1 Na4 12. b3 Bf6 13. c3 Nxc3 14. Nxc3
Bxc3 15. Rc1 Qa5 16. a4 Bd7 17. Bd4 Bd2 18. Rc2 Bb4 19. e4 Rac8 20. exd5 Rxc2
21. Qxc2 exd5 22. Rd1 Re8 23. Qd3 Bg4 24. f3 Bd7 25. h3 a6 26. f4 Bc6 27. Kh2
b5 28. Bb2 bxa4 29. bxa4 Qxa4 30. Rc1 Qb5 31. Qd4 Bf8 32. Rd1 Qb4 33. Rd2 Qxd4
34. Bxd4 Bb4 35. Rb2 a5 36. g4 Bd6 37. Kg3 g5 38. Rb6 Bxf4+ 39. Kf3 Re4 40. Bc5
Re6 41. Kf2 a4 42. Ra6 Kg7 43. Bf3 Kf6 44. Ra7 Bd6 45. Bd4+ Be5 46. Bc5 Bb8 47.
Ra5 Bc7 48. Bd4+ Kg6 49. Ra7 Be5 50. Bc5 Bd6 51. Bxd6 Rxd6 52. Ke3 d4+ 53. Kf2
Rf6 54. Ke2 Rxf3 55. Rxa4 Re3+ 56. Kf2 Bxa4 57. Kg2 Re2+ 58. Kf3 d3 59. Kg3 d2
60. Kf3 d1=Q 61. h4 61... Qd3# {damo checkmated} 0-1

[Event "ICS rated blitz match"]
[Site "204.178.125.65"]
[Date "1999.09.26"]
[Round "?"]
[White "damo"]
[Black "Hossa"]
[Result "0-1"]
[WhiteElo "2120"]
[BlackElo "2471"]
[PlyCount "70"]
[EventDate "1999.??.??"]

1. d4 Nf6 2. f3 d5 3. e4 dxe4 4. Nc3 exf3 5. Nxf3 e6 6. Bg5 Be7 7. Bd3 Nd5 8.
Nxd5 exd5 9. Qe2 Nc6 10. c3 O-O 11. Bxe7 Nxe7 12. O-O Ng6 13. Qf2 Nf4 14. Bc2
Bh3 15. Nh4 Bxg2 16. Qxf4 Bxf1 17. Rxf1 Qd7 18. Nf5 f6 19. Qg4 Kh8 20. Qf3 c6
21. Rf2 Rae8 22. Kg2 Re6 23. h4 Rfe8 24. h5 g6 25. Ng3 Qf7 26. Rf1 gxh5 27. Rh1
Re3 28. Qf5 Rg8 29. Rxh5 Rexg3+ 30. Kh2 Rg2+ 31. Kh1 Rxc2 32. Rh3 Rg1+ 33. Kxg1
Qg7+ 34. Kf1 Qg2+ 35. Ke1 35... Rc1# {damo checkmated} 0-1

[Event "ICS rated blitz match"]
[Site "204.178.125.65"]
[Date "1999.09.03"]
[Round "?"]
[White "darthweber"]
[Black "Hossa"]
[Result "0-1"]
[WhiteElo "2178"]
[BlackElo "2535"]
[PlyCount "80"]
[EventDate "1999.??.??"]

1. Nf3 Nf6 2. g3 g6 3. Bg2 Bg7 4. O-O O-O 5. d4 d5 6. Ne5 Nbd7 7. c4 Nxe5 8.
dxe5 Ng4 9. cxd5 Nxe5 10. Nc3 Nc4 11. Qb3 Nd6 12. Bg5 f6 13. Bd2 Re8 14. Rad1
e5 15. Nb5 Nxb5 16. Qxb5 Re7 17. Bb4 Rf7 18. Qc4 a5 19. Ba3 Bd7 20. f4 b5 21.
Qb3 exf4 22. d6 c6 23. Bc5 fxg3 24. hxg3 f5 25. e4 a4 26. Qc2 Be5 27. exf5 Rxf5
28. Rxf5 Bxf5 29. Qe2 Bxg3 30. Bxc6 Rb8 31. Bd5+ Kg7 32. Qe3 Qh4 33. Qe7+ Qxe7
34. dxe7 Bd7 35. Bd4+ Kh6 36. Kg2 Bh4 37. Be5 Re8 38. Bd6 Bxe7 39. Bf7 Bc6+ 40.
Kf2 40... Rf8 {darthweber resigns} 0-1

[Event "ICS rated blitz match"]
[Site "204.178.125.65"]
[Date "1999.09.03"]
[Round "?"]
[White "darthweber"]
[Black "Hossa"]
[Result "0-1"]
[WhiteElo "2194"]
[BlackElo "2519"]
[PlyCount "86"]
[EventDate "1999.??.??"]

1. Nf3 Nf6 2. g3 g6 3. Bg2 Bg7 4. O-O O-O 5. d4 d5 6. Ne5 Nbd7 7. c4 Nxe5 8.
dxe5 Ng4 9. cxd5 Nxe5 10. Nc3 c6 11. e4 cxd5 12. exd5 Bg4 13. Qb3 Nf3+ 14. Kh1
Qd7 15. Be3 Rfc8 16. h3 Bxh3 17. Bxf3 Bxf1 18. Rxf1 Qh3+ 19. Kg1 Qf5 20. Kg2
Rc7 21. Rd1 Rac8 22. Nb5 Rc2 23. Nd4 Bxd4 24. Rxd4 Qf6 25. Rb4 b6 26. Be4 R2c7
27. Bf4 Rc5 28. Qe3 a5 29. Rb3 a4 30. Rb4 Rc4 31. Rb5 R8c5 32. Rxc5 bxc5 33.
Bd3 Rd4 34. Be4 Rc4 35. Bf3 h5 36. Be5 Qf5 37. Bc3 h4 38. Qh6 f6 39. g4 Rxg4+
40. Bxg4 Qxg4+ 41. Kf1 h3 42. d6 exd6 43. Bxf6 43... Qd1# {
darthweber checkmated} 0-1

[Event "ICS rated blitz match"]
[Site "204.178.125.65"]
[Date "1999.09.22"]
[Round "?"]
[White "dave2k"]
[Black "Hossa"]
[Result "1-0"]
[WhiteElo "1940"]
[BlackElo "1982"]
[PlyCount "131"]
[EventDate "1999.??.??"]

1. d4 Nf6 2. c4 e6 3. Nf3 d5 4. Nc3 Be7 5. Bg5 Nbd7 6. e3 Rb8 7. Rc1 O-O 8. Bd3
dxc4 9. Bxc4 Ng4 10. Bf4 e5 11. dxe5 Bh4 12. g3 Be7 13. e6 Nb6 14. exf7+ Kh8
15. Qxd8 Bxd8 16. Bb3 g5 17. Be5+ Nxe5 18. Nxe5 Bh3 19. Rg1 c5 20. Nd5 Nc8 21.
Nd7 Bxd7 22. Rxc5 b5 23. Nc3 Nb6 24. Nxb5 Bf6 25. Nd4 h6 26. Kd2 Rbc8 27. Rgc1
Rcd8 28. Ke1 Bg4 29. f3 Bh3 30. g4 Rxd4 31. exd4 Bxd4 32. Rc7 a5 33. Rd1 Bf6
34. Rc6 Kg7 35. Rxb6 Be7 36. a3 Bc5 37. Rb7 Bxg4 38. fxg4 Bg1 39. Rdd7 Bxh2 40.
Re7 Bf4 41. Re8 Bd6 42. Rxf8 Bg3+ 43. Ke2 Kxf8 44. Kf3 Bf4 45. Bc4 Bd6 46. a4
Kg7 47. Ke4 Bf8 48. Kf5 Bb4 49. Ke6 Bc5 50. Kd7 Kg6 51. Ke8 Kf6 52. f8=Q+ Bxf8
53. Kxf8 h5 54. Rb5 hxg4 55. Be2 g3 56. Bf3 Kg6 57. Kg8 Kf6 58. Be4 g4 59. Kf8
Ke6 60. Ke8 Kd6 61. Kf7 Kc7 62. Ke6 Kd8 63. Bg2 Kc7 64. Ke7 Kc8 65. Kd6 Kd8 66.
Rb8# {Hossa checkmated} 1-0

[Event "ICS rated blitz match"]
[Site "204.178.125.65"]
[Date "1999.10.17"]
[Round "?"]
[White "davidoff"]
[Black "Hossa"]
[Result "0-1"]
[WhiteElo "2531"]
[BlackElo "2550"]
[PlyCount "58"]
[EventDate "1999.??.??"]

1. e4 Nf6 2. e5 Nd5 3. d4 d6 4. c4 Nb6 5. exd6 cxd6 6. Nc3 g6 7. Be3 Bg7 8. Rc1
O-O 9. b3 e5 10. dxe5 dxe5 11. Qxd8 Rxd8 12. c5 N6d7 13. Bc4 Nc6 14. Ne4 Na5
15. Be2 Rb8 16. Nf3 f5 17. Nd6 e4 18. Ng5 Ne5 19. Nxc8 Rbxc8 20. Ne6 Nd3+ 21.
Bxd3 Rxd3 22. Nxg7 Kxg7 23. Ke2 Rcd8 24. Rhd1 Nc6 25. Rxd3 Rxd3 26. Rd1 Rxd1
27. Kxd1 Kf6 28. h4 Ke5 29. Kd2 29... f4 {davidoff resigns} 0-1

[Event "ICS rated blitz match"]
[Site "204.178.125.65"]
[Date "1999.09.21"]
[Round "?"]
[White "deli"]
[Black "Hossa"]
[Result "1-0"]
[WhiteElo "1753"]
[BlackElo "2139"]
[PlyCount "50"]
[EventDate "1999.??.??"]

1. d4 Nf6 2. c4 c5 3. d5 e5 4. Nc3 d6 5. e4 Be7 6. Bd3 O-O 7. Nf3 Bg4 8. O-O
Nbd7 9. Re1 Ne8 10. b3 f5 11. exf5 e4 12. Nxe4 Ne5 13. Be2 Bxf5 14. Nxe5 Bh4
15. Ng3 Qf6 16. Bb2 Bc2 17. Qd2 Qxf2+ 18. Kh1 a5 19. Rf1 Bxg3 20. Rxf2 Rxf2 21.
Qxc2 Bxe5 22. Bxe5 h5 23. Bg3 Rxe2 24. Qxe2 g6 25. Qe6+ 25... Kh7 {
Hossa resigns} 1-0

[Event "ICS rated blitz match"]
[Site "204.178.125.65"]
[Date "1999.09.22"]
[Round "?"]
[White "dillyman"]
[Black "Hossa"]
[Result "0-1"]
[WhiteElo "2142"]
[BlackElo "2231"]
[PlyCount "60"]
[EventDate "1999.??.??"]

1. d4 f5 2. Nf3 Nf6 3. g3 e6 4. Bg2 Be7 5. O-O d5 6. b3 O-O 7. c4 c5 8. cxd5
exd5 9. dxc5 Na6 10. Bb2 Nxc5 11. Nc3 Nce4 12. Nd4 Bd7 13. Rc1 Rc8 14. e3 Qa5
15. Nxe4 fxe4 16. a4 Qb6 17. Rxc8 Rxc8 18. f3 exf3 19. Bxf3 Bh3 20. Bg2 Bxg2
21. Kxg2 Bd8 22. Qf3 Rc7 23. g4 Qb4 24. Rf2 Ne4 25. Qf5 Nxf2 26. Qxd5+ Rf7 27.
Qxd8+ Rf8 28. Qd5+ Kh8 29. Nf5 Qxg4+ 30. Kxf2 30... Rxf5+ {dillyman resigns}
0-1

[Event "ICS rated blitz match"]
[Site "204.178.125.65"]
[Date "1999.08.30"]
[Round "?"]
[White "dixon"]
[Black "Hossa"]
[Result "1-0"]
[WhiteElo "2495"]
[BlackElo "2465"]
[PlyCount "129"]
[EventDate "1999.??.??"]

1. e4 c5 2. Nf3 Nc6 3. d4 cxd4 4. Nxd4 e5 5. Nb5 Bc5 6. Nd6+ Bxd6 7. Qxd6 Nge7
8. Nc3 O-O 9. Be3 f5 10. O-O-O fxe4 11. Nxe4 Nf5 12. Bc4+ Kh8 13. Qd2 b6 14.
Nd6 Nxd6 15. Qxd6 Rf6 16. Qd2 b5 17. Bxb5 a6 18. Bc4 Rb8 19. c3 Rf8 20. Bc5 Rf4
21. Bd5 Rf6 22. Rhe1 Rb5 23. Ba3 Rh6 24. f4 Rb6 25. h3 d6 26. Bxc6 Rxc6 27.
fxe5 Be6 28. exd6 Rf6 29. d7 Rf7 30. Qe3 Rxd7 31. Rxd7 Qxd7 32. Rf1 Rc8 33. b3
Qc6 34. Rf3 Bd5 35. Rg3 Qf6 36. Bc5 Rc7 37. Bd4 Qf8 38. Qe5 Rd7 39. Rxg7 Rxg7
40. Qxd5 h6 41. Qe5 Qf1+ 42. Kb2 Qxg2+ 43. Ka3 h5 44. c4 Kh7 45. Qxg7+ Qxg7 46.
Bxg7 Kxg7 47. c5 Kf6 48. Kb4 Ke6 49. Ka5 Kd7 50. Kxa6 Kc6 51. b4 Kc7 52. b5 Kb8
53. Kb6 Ka8 54. a4 Kb8 55. a5 h4 56. a6 Ka8 57. Kc7 Ka7 58. b6+ Kxa6 59. b7 Ka5
60. b8=Q Ka4 61. Kc6 Ka3 62. Kd5 Ka2 63. Kc4 Ka1 64. Kc3 Ka2 65. Qb2# {
Hossa checkmated} 1-0

[Event "ICS rated blitz match"]
[Site "204.178.125.65"]
[Date "1999.10.02"]
[Round "?"]
[White "dk2"]
[Black "Hossa"]
[Result "1-0"]
[WhiteElo "2351"]
[BlackElo "2416"]
[PlyCount "121"]
[EventDate "1999.??.??"]

1. d4 Nf6 2. Nf3 e6 3. c4 d5 4. Nc3 Bb4 5. Bg5 O-O 6. e3 c5 7. dxc5 Nbd7 8.
cxd5 exd5 9. Rc1 Nxc5 10. Bxf6 Qxf6 11. Qxd5 Na4 12. Qb3 Nxc3 13. bxc3 Bc5 14.
Bd3 Rd8 15. Nd4 Qh4 16. O-O Rb8 17. Rfd1 Bg4 18. Rd2 Bd6 19. h3 Bxh3 20. gxh3
Qxh3 21. f3 Bc7 22. Bf5 Qh6 23. f4 Qh4 24. Rg2 Bd6 25. Rd1 Bf8 26. Rg4 Qh5 27.
Rg5 Qh6 28. Rg3 Qf6 29. Be4 Rd7 30. Qb5 Qd8 31. Rd2 Rc7 32. Qa5 a6 33. Rb2 Qd6
34. Qf5 g6 35. Qa5 b5 36. a4 Re7 37. Bc6 bxa4 38. Rxb8 Qxb8 39. Qxa4 Qb2 40.
Qc2 Qa1+ 41. Kf2 Bg7 42. Qb3 Qa5 43. Qb8+ Bf8 44. e4 Qh5 45. Bd5 Qh2+ 46. Kf3
Qh1+ 47. Ke3 Rd7 48. Qc8 Rd6 49. Ne2 Qh4 50. Bc4 Qe7 51. Nd4 a5 52. Nf5 Qa7+
53. Ke2 Rb6 54. Qe8 Rb2+ 55. Kd3 Rb7 56. Nh6+ Kg7 57. Qe5+ f6 58. Nf5+ Kh8 59.
Qxf6+ Bg7 60. Qd8+ Bf8 61. Qxf8# {Hossa checkmated} 1-0

[Event "ICS rated blitz match"]
[Site "204.178.125.65"]
[Date "1999.10.05"]
[Round "?"]
[White "dk2"]
[Black "Hossa"]
[Result "1-0"]
[WhiteElo "2266"]
[BlackElo "2455"]
[PlyCount "75"]
[EventDate "1999.??.??"]

1. e4 c5 2. Nf3 d6 3. d4 cxd4 4. Nxd4 Nf6 5. Nc3 a6 6. Be2 e5 7. Nb3 Be6 8. Be3
d5 9. exd5 Nxd5 10. Nxd5 Bxd5 11. Bf3 Bxf3 12. Qxf3 Qc7 13. Rd1 Nc6 14. O-O Be7
15. Nc5 Rd8 16. c3 O-O 17. Rfe1 Bxc5 18. Bxc5 Rxd1 19. Rxd1 Rd8 20. Qg4 Kh8 21.
Rxd8+ Qxd8 22. h3 g6 23. Qf3 f5 24. a3 Qd2 25. b4 Qc1+ 26. Kh2 a5 27. b5 e4 28.
Qg3 f4 29. Qg5 Qxc3 30. bxc6 h5 31. Qh6+ Kg8 32. cxb7 Kf7 33. Qf8+ Ke6 34. b8=Q
Qg3+ 35. fxg3 fxg3+ 36. Kh1 Kd5 37. Qfd6+ Kc4 38. Qd4# {Hossa checkmated} 1-0

[Event "ICS rated blitz match"]
[Site "204.178.125.65"]
[Date "1999.10.14"]
[Round "?"]
[White "dk2"]
[Black "Hossa"]
[Result "1-0"]
[WhiteElo "2352"]
[BlackElo "2356"]
[PlyCount "108"]
[EventDate "1999.??.??"]

1. e4 e6 2. d4 d5 3. Nc3 Bb4 4. e5 c5 5. a3 Bxc3+ 6. bxc3 Ne7 7. Qg4 O-O 8. Bd3
f5 9. exf6 Rxf6 10. Bg5 Rf7 11. Qh5 h6 12. Bg6 Rf8 13. Nf3 Nbc6 14. O-O Bd7 15.
dxc5 Be8 16. Bxe8 Qxe8 17. Qxe8 Raxe8 18. Bc1 e5 19. Rb1 Rb8 20. Rd1 Kf7 21. c4
d4 22. Nd2 Nf5 23. Ne4 Ke6 24. c3 Na5 25. Rb4 Nc6 26. Rb2 Na5 27. cxd4 exd4 28.
Re2 Nxc4 29. g4 Nh4 30. Ng5+ Kd5 31. Ne6 Nf3+ 32. Kg2 g5 33. Nxf8 Rxf8 34. Re7
Nh4+ 35. Kf1 Nf3 36. h3 Kc6 37. a4 a5 38. Ke2 Rf6 39. h4 Nxh4 40. Rxd4 Kxc5 41.
Kd3 b5 42. axb5 Rf3+ 43. Be3 Nxe3 44. fxe3 Kxb5 45. Rd5+ Kc6 46. Rxa5 Rg3 47.
Kc4 Rxg4+ 48. e4 Rxe4+ 49. Rxe4 Nf3 50. Re6+ Kd7 51. Kd5 Nd4 52. Ra7+ Kd8 53.
Kxd4 h5 54. Rh6 54... g4 {Hossa resigns} 1-0

[Event "ICS rated blitz match"]
[Site "204.178.125.65"]
[Date "1999.10.07"]
[Round "?"]
[White "dk2"]
[Black "Hossa"]
[Result "0-1"]
[WhiteElo "2399"]
[BlackElo "2499"]
[PlyCount "132"]
[EventDate "1999.??.??"]

1. d4 d5 2. Nf3 Nf6 3. c4 c6 4. cxd5 cxd5 5. Nc3 Nc6 6. Bf4 e6 7. e3 Nh5 8. Bg5
Qb6 9. Bb5 a6 10. Ne5 axb5 11. Qxh5 Nxe5 12. dxe5 b4 13. Ne2 Qc7 14. Bf4 b3 15.
a4 Bb4+ 16. Kf1 Qc2 17. Nd4 Qxb2 18. Qd1 Bd7 19. Rb1 Qd2 20. Qxd2 Bxd2 21. Rxb3
Rxa4 22. Rxb7 Bc8 23. Rb8 O-O 24. Rb1 Rxd4 25. exd4 Ba6+ 26. Kg1 Bxf4 27. g3
Bd2 28. Rb6 Bc4 29. Kg2 Bc3 30. Rd1 Be2 31. Rc6 Bxd1 32. Rxc3 Rb8 33. Rc7 h5
34. Rc1 Ba4 35. Rc3 Rb2 36. Rc8+ Kh7 37. Rc7 Kg6 38. Kf3 Bd1+ 39. Kg2 Rd2 40.
Rc8 Rxd4 41. Rc7 Rd3 42. Kh3 Bg4+ 43. Kg2 Bf3+ 44. Kh3 Rd2 45. g4 Bxg4+ 46. Kg2
Re2 47. h3 Bf5 48. Kg3 Rxe5 49. Kf4 Re4+ 50. Kg3 Rc4 51. Rxc4 dxc4 52. Kf4 c3
53. Ke3 Bxh3 54. Kd3 Bf5+ 55. Kxc3 h4 56. Kd4 h3 57. Kc4 h2 58. Kd4 h1=Q 59.
Kc3 Qc6+ 60. Kb4 Kf6 61. f3 Ke5 62. Kb3 Qc5 63. Kb2 Qb4+ 64. Kc1 Kd4 65. Kd1
Ke3 66. f4 66... Qd2# {dk2 checkmated} 0-1

[Event "ICS rated blitz match"]
[Site "204.178.125.65"]
[Date "1999.10.03"]
[Round "?"]
[White "dk2"]
[Black "Hossa"]
[Result "1/2-1/2"]
[WhiteElo "2394"]
[BlackElo "2432"]
[PlyCount "130"]
[EventDate "1999.??.??"]

1. d4 Nf6 2. Nf3 e6 3. c4 b6 4. e3 Bb7 5. Bd3 Bb4+ 6. Bd2 Bxf3 7. Qxf3 Nc6 8.
Nc3 O-O 9. a3 Bxc3 10. Bxc3 Ne7 11. d5 Ne8 12. dxe6 dxe6 13. Rd1 Qc8 14. Be4
Rb8 15. Qg3 Ng6 16. Bb4 c5 17. Bc3 f5 18. Bf3 Qc7 19. O-O Qxg3 20. hxg3 Nf6 21.
Rd6 e5 22. Rfd1 Kh8 23. Kf1 a6 24. b4 cxb4 25. axb4 Rfc8 26. Bd5 Nxd5 27. R1xd5
Ne7 28. Rxe5 Rxc4 29. Rxe7 Rxc3 30. Rxb6 Rcc8 31. Rc7 Rg8 32. Rxb8 Rxb8 33. Ke2
h5 34. Rc4 Kh7 35. Kf3 g5 36. e4 Rb5 37. exf5 Rxf5+ 38. Ke3 Re5+ 39. Kd3 Rd5+
40. Rd4 Rf5 41. f4 Rb5 42. Rc4 Kg7 43. Rc5 Rxb4 44. Rxg5+ Kh6 45. Kc3 Ra4 46.
Kb3 Ra1 47. Re5 Rg1 48. Re2 Kg6 49. Ra2 Kf5 50. Ra5+ Ke4 51. Re5+ Kd4 52. Rxh5
Rxg2 53. Rg5 Rf2 54. Rg7 Kc5 55. Rc7+ Kb5 56. Rc2 Rf1 57. Rc3 a5 58. Re3 a4+
59. Kc3 Rg1 60. Kd4 Kb4 61. f5 a3 62. Re2 Kb3 63. Re3+ Kb4 64. Re2 Kb3 65. Re3+
65... Kb4 {Game drawn by repetition} 1/2-1/2

[Event "ICS rated blitz match"]
[Site "204.178.125.65"]
[Date "1999.10.02"]
[Round "?"]
[White "dk2"]
[Black "Hossa"]
[Result "0-1"]
[WhiteElo "2303"]
[BlackElo "2469"]
[PlyCount "136"]
[EventDate "1999.??.??"]

1. e4 Nf6 2. e5 Nd5 3. c4 Nb6 4. d4 d5 5. c5 N6d7 6. Nf3 e6 7. Bd3 Be7 8. Qa4
O-O 9. Nc3 f6 10. Bf4 fxe5 11. Bxe5 Nxe5 12. Nxe5 Nd7 13. Nf3 Rf4 14. Qc2 Nf8
15. O-O b6 16. Ne2 Rxf3 17. gxf3 bxc5 18. dxc5 e5 19. Rfe1 Bf6 20. Kh1 Rb8 21.
Nc3 c6 22. a3 Qd7 23. Re3 Qe7 24. Ne2 Bh4 25. Nd4 Qf6 26. Nxc6 Qxc6 27. Rxe5
Qf6 28. f4 Qxf4 29. Re8 Kf7 30. Re3 Bxf2 31. Rg3 Qf6 32. Rf1 Rxb2 33. Qa4 Kg8
34. Qxa7 Bxg3 35. Bxh7+ Nxh7 36. Rxf6 Rxh2+ 37. Kg1 Nxf6 38. Qa8 Kf7 39. Qxc8
Rb2 40. c6 d4 41. Qa6 Bh2+ 42. Kf1 Rc2 43. Qb7+ Kg6 44. Qb5 Rc1+ 45. Ke2 Rc3
46. a4 Bf4 47. Qb1+ Kf7 48. Qb7+ Ke6 49. Kf2 Ne4+ 50. Kf1 Nd2+ 51. Kg2 Rg3+ 52.
Kh1 Nf3 53. Qb3+ Kd6 54. Qb4+ Kxc6 55. Qc4+ Kd6 56. Qa6+ Ke5 57. Qb5+ Ke4 58.
Qe2+ Kf5 59. Qc2+ Kg5 60. Qf2 Kg4 61. Qg2 Rxg2 62. Kxg2 d3 63. Kf2 Nd2 64. Ke1
Ne4 65. Kf1 Kf3 66. Ke1 Nc3 67. Kf1 d2 68. a5 68... d1=Q# {dk2 checkmated} 0-1

[Event "ICS rated blitz match"]
[Site "204.178.125.65"]
[Date "1999.10.02"]
[Round "?"]
[White "dk2"]
[Black "Hossa"]
[Result "1-0"]
[WhiteElo "2301"]
[BlackElo "2446"]
[PlyCount "76"]
[EventDate "1999.??.??"]

1. e4 g6 2. d4 Bg7 3. Nf3 Nf6 4. e5 Ne4 5. Nbd2 d5 6. Nxe4 dxe4 7. Ng5 c5 8.
Bc4 O-O 9. c3 cxd4 10. Qxd4 Nc6 11. Qxd8 Nxd8 12. Nxe4 Bxe5 13. f4 Bg7 14. Be3
Bg4 15. Bc5 Nc6 16. Bd5 Rfb8 17. h3 Bd7 18. O-O-O e6 19. Bc4 Rd8 20. Rd2 Rac8
21. Rhd1 Rc7 22. Bb5 Bh8 23. Bxc6 bxc6 24. Be7 Re8 25. Bf6 Rf8 26. Bxh8 Kxh8
27. Rxd7 Rxd7 28. Rxd7 a6 29. Rc7 a5 30. Rxc6 Rd8 31. Rc7 Rf8 32. Ra7 Rc8 33.
Rxf7 Kg8 34. Re7 Rc4 35. Rxe6 Ra4 36. a3 Kf7 37. Re5 g5 38. Nxg5+ 38... Kg6 {
Hossa resigns} 1-0

[Event "ICS rated blitz match"]
[Site "204.178.125.65"]
[Date "1999.10.03"]
[Round "?"]
[White "dk2"]
[Black "Hossa"]
[Result "1/2-1/2"]
[WhiteElo "2373"]
[BlackElo "2438"]
[PlyCount "98"]
[EventDate "1999.??.??"]

1. d4 Nf6 2. c4 e6 3. Nc3 Bb4 4. e3 c5 5. Bd3 d5 6. Nf3 O-O 7. cxd5 exd5 8. a3
cxd4 9. axb4 dxc3 10. bxc3 Ne4 11. Ra5 Nc6 12. Bxe4 dxe4 13. Rd5 Qf6 14. Nd4
Ne7 15. Rb5 Qg6 16. g3 Qd6 17. f3 a6 18. Rh5 exf3 19. Qxf3 Qc7 20. Rc5 Qb6 21.
O-O Bh3 22. Rf2 Rac8 23. g4 Rxc5 24. bxc5 Qh6 25. Ba3 Bxg4 26. Qxg4 Qxe3 27.
Nc2 Qe6 28. Qxe6 fxe6 29. Rxf8+ Kxf8 30. c6 bxc6 31. Nd4 Kf7 32. Bxe7 Kxe7 33.
Nxc6+ Kd6 34. Na5 Kc5 35. Kf2 Kb5 36. Nb7 Kc4 37. Ke3 Kxc3 38. Ke4 g6 39. Ke5
Kb4 40. Nd8 a5 41. Nc6+ Kb5 42. Nd4+ Kc4 43. Ne2 a4 44. Nc1 Kc3 45. Kxe6 Kc2
46. Na2 Kb3 47. Nc1+ Kc2 48. Na2 Kb3 49. Nc1+ 49... Kc2 {
Game drawn by repetition} 1/2-1/2